[Event "KP 2017-18, Hronov - Lazne Belohrad"]
[Site "?"]
[Date "2017.11.12"]
[Round "2.1"]
[White "Kowalczyk, Pawel"]
[Black "Nalevka, Petr"]
[Result "1-0"]
[WhiteElo "2392"]
[BlackElo "2054"]
[PlyCount "117"]
[EventDate "2017.??.??"]

1. e4 e6 2. d4 d5 3. Nc3 Bb4 4. exd5 exd5 5. Bd3 Nf6 6. Nge2 O-O 7. Bg5 b6 8.
O-O Be7 9. Nf4 c6 10. Nh5 Ng4 11. Bxe7 Qxe7 12. h3 Nh6 13. Qf3 Qg5 14. Rfe1 Nd7
15. Re3 g6 16. Nf4 Nf5 17. Bxf5 Qxf5 18. Rae1 Ba6 19. Re7 Rad8 20. Qg4 Qxc2 21.
h4 Nf6 22. Qg5 Rd6 23. h5 Bc8 24. h6 Qf5 25. Qg3 Qg4 26. Qe3 Rd7 27. g3 g5 28.
Nd3 Rxe7 29. Qxe7 Qf5 30. Re5 Qg6 31. Nb4 Qxh6 32. Nxc6 Bg4 33. Nxd5 Bf3 34.
Nxf6+ Kg7 35. Ne8+ Kh8 36. Qf6+ Qxf6 37. Nxf6 Bxc6 38. Rxg5 h6 39. Re5 Kg7 40.
Nh5+ Kg6 41. d5 f6 42. Nf4+ Kf7 43. Rh5 Bb5 44. Rxh6 Kg7 45. Ne6+ Kxh6 46. Nxf8
Kg7 47. Ne6+ Kf7 48. b3 Ke7 49. Nd4 Bd7 50. Nc2 Kd6 51. Ne3 Kc5 52. g4 Kd4 53.
Kh2 Kc3 54. Kg3 Kb2 55. f4 Kxa2 56. g5 fxg5 57. fxg5 Be8 58. d6 Kxb3 59. g6 1-0

[Event "KP 2017-18, Hronov - Lazne Belohrad"]
[Site "?"]
[Date "2017.11.12"]
[Round "2.2"]
[White "Korinek, Pavel"]
[Black "Velecky, Viktor"]
[Result "1/2-1/2"]
[WhiteElo "1969"]
[BlackElo "2040"]
[PlyCount "115"]
[EventDate "2017.??.??"]

1. e4 e6 2. d4 d5 3. exd5 exd5 4. Bd3 Nf6 5. Nf3 Bg4 6. O-O Be7 7. Bf4 O-O 8.
c3 c5 9. dxc5 Bxc5 10. Nbd2 Nc6 11. Qb3 Bb6 12. h3 Bh5 13. Rfe1 d4 14. c4 Nd7
15. Bd6 Nc5 16. Bxc5 Bxc5 17. Qb5 Qb6 18. Ne4 Bxf3 19. Nxc5 Bh5 20. f4 f5 21.
a3 Rf7 22. Re6 Rc7 23. b4 Bf7 24. Rd6 g6 25. Re1 Qxb5 26. cxb5 Nd8 27. Rxd4 b6
28. Rd7 Ne6 29. Rxf7 Rxf7 30. Nxe6 Rc8 31. Ng5 Rd7 32. Rd1 Kg7 33. Nf3 Rc3 34.
Ne5 Rd4 35. Kf2 Rxa3 36. Ke3 Re4+ 37. Kf3 Rxb4 38. Rc1 Rxb5 39. Rc7+ Kf6 40.
Rc2 Rbb3 41. Ke2 Rc3 42. Rd2 Ra4 43. g3 Rd4 44. Ra2 g5 45. Ke3 Rb4 46. Rxa7
gxf4+ 47. gxf4 Rcb3 48. Rxh7 Ke6 49. Nc6 Re4+ 50. Kd2 Rxf4 51. Ke3 Re4+ 52. Kd2
Ra4 53. Bc2 Rb2 54. Rh6+ Kd5 55. Ne7+ Ke5 56. Kc3 Rxc2+ 57. Kxc2 f4 58. Ng6+
1/2-1/2

[Event "KP 2017-18, Hronov - Lazne Belohrad"]
[Site "?"]
[Date "2017.11.12"]
[Round "2.3"]
[White "Cap, Jaroslav"]
[Black "Kykal, Vojtech"]
[Result "1-0"]
[WhiteElo "1755"]
[BlackElo "1980"]
[PlyCount "53"]
[EventDate "2017.??.??"]

1. e4 c5 2. d4 cxd4 3. c3 dxc3 4. Nxc3 e6 5. Nf3 Nc6 6. Bc4 Nf6 7. Qe2 Bb4 8.
O-O O-O 9. Bg5 Be7 10. Rfd1 a6 11. Rac1 Ng4 12. Bf4 Bc5 13. Bg3 b5 14. Bb3 Qb6
15. h3 Nf6 16. e5 Ne8 17. Ne4 Be7 18. a3 f5 19. exf6 Nxf6 20. Nd6 Na5 21. Ba2
Nb7 22. Nf5 Bd8 23. Be5 d5 24. Bd4 Qa5 25. Rxc8 Ne4 26. Rxa8 Rxf5 27. Nd2 1-0

[Event "KP 2017-18, Hronov - Lazne Belohrad"]
[Site "?"]
[Date "2017.11.12"]
[Round "2.4"]
[White "Vavra, Vojtech"]
[Black "Prochazka, Jan"]
[Result "1/2-1/2"]
[WhiteElo "1828"]
[BlackElo "1892"]
[PlyCount "28"]
[EventDate "2017.??.??"]

1. d4 d5 2. c4 e6 3. Nc3 Nf6 4. Nf3 Nbd7 5. e3 c6 6. Bd3 Bd6 7. O-O O-O 8. b3
Re8 9. Qc2 e5 10. dxe5 Nxe5 11. Nxe5 Bxe5 12. Bb2 dxc4 13. Bxc4 Bg4 14. Be2
Bxe2 1/2-1/2

[Event "KP 2017-18, Hronov - Lazne Belohrad"]
[Site "?"]
[Date "2017.11.12"]
[Round "2.5"]
[White "Szablewski, Krzysztof"]
[Black "Kykal, Zbynek"]
[Result "1/2-1/2"]
[WhiteElo "1895"]
[BlackElo "1765"]
[PlyCount "126"]
[EventDate "2017.??.??"]

1. f4 d5 2. Nf3 g6 3. d4 Bg7 4. c3 Nf6 5. e3 Bf5 6. Ne5 O-O 7. Nd2 Nbd7 8. Be2
c5 9. O-O cxd4 10. exd4 Qc7 11. Qb3 e6 12. Ndf3 Rac8 13. Nxd7 Nxd7 14. Ne5 Be4
15. Be3 a6 16. Rf2 f6 17. Nd3 Bxd3 18. Bxd3 Qb6 19. Qa4 Qc6 20. Qb3 Qb6 21. Bc2
Qxb3 22. Bxb3 Nb6 23. Re1 Nc4 24. Bc1 Kf7 25. Rfe2 Rfe8 26. Kf2 b5 27. a4 Bf8
28. axb5 axb5 29. Bxc4 Rxc4 30. Bd2 b4 31. Ra1 bxc3 32. bxc3 Rec8 33. Be1 Bd6
34. g3 h6 35. Ra5 f5 36. Rb2 g5 37. Bd2 Kf6 38. Rb7 R4c7 39. Raa7 g4 40. Ke2
Rxb7 41. Rxb7 Be7 42. Ra7 Rd8 43. Bc1 Rc8 44. Kd3 Rc4 45. Bb2 Rc8 46. Ra4 Rc7
47. Ra8 Kg7 48. Rb8 Bf8 49. Kc2 Kf7 50. Kb3 Kg7 51. Ka4 Bd6 52. Rb6 Ra7+ 53.
Kb3 Rd7 54. c4 dxc4+ 55. Kxc4 Kf7 56. Rc6 Rc7 57. d5 exd5+ 58. Kxd5 Rxc6 59.
Kxc6 Bb8 60. Bd4 Ke6 61. Bc5 h5 62. Bd4 h4 63. Bf2 h3 1/2-1/2

[Event "KP 2017-18, Hronov - Lazne Belohrad"]
[Site "?"]
[Date "2017.11.12"]
[Round "2.6"]
[White "Lelek, Petr"]
[Black "Kubecek, Stanislav"]
[Result "1/2-1/2"]
[WhiteElo "1855"]
[BlackElo "1693"]
[PlyCount "92"]
[EventDate "2017.??.??"]

1. d4 b6 2. e4 Bb7 3. Nc3 e6 4. a3 Nf6 5. f3 c5 6. Be3 cxd4 7. Bxd4 Nc6 8. Be3
Be7 9. Bb5 a6 10. Bxc6 Bxc6 11. Nge2 d5 12. Nd4 Bb7 13. e5 Nd7 14. f4 Bc5 15.
Qg4 g6 16. Nce2 a5 17. O-O Ba6 18. Rfe1 Rc8 19. Kh1 Nb8 20. c3 Nc6 21. Nxc6
Rxc6 22. Nd4 Bxd4 23. Bxd4 Bc4 24. b4 a4 25. Re3 h5 26. Qg5 Qxg5 27. fxg5 Bb3
28. b5 Rc8 29. h4 Rb8 30. Rb1 Bc2 31. Rb4 Bb3 32. Rf3 Rf8 33. Bf2 Rb7 34. Bd4
Ke7 35. Kg1 Rc8 36. Kf2 Rc4 37. Ke1 Rxb4 38. cxb4 Bc4 39. Rc3 Kd7 40. Kd2 Bxb5
41. Kc2 Bc4 42. Kd2 Kc6 43. Kc2 Kb5 44. Kd2 Rc7 45. Kc2 Bb3+ 46. Kd3 Rc4
1/2-1/2

[Event "KP 2017-18, Hronov - Lazne Belohrad"]
[Site "?"]
[Date "2017.11.12"]
[Round "2.7"]
[White "Franc, Martin"]
[Black "Groh, Ladislav ml."]
[Result "1-0"]
[WhiteElo "1706"]
[BlackElo "1584"]
[PlyCount "93"]
[EventDate "2017.??.??"]

1. d4 d5 2. Nf3 Nf6 3. e3 e6 4. c4 b6 5. Be2 Bd6 6. O-O O-O 7. b3 Bb7 8. Ne5 c5
9. Bb2 Nc6 10. Bf3 Qc7 11. Nxc6 Bxc6 12. cxd5 exd5 13. h3 Rfd8 14. dxc5 bxc5
15. Bxf6 gxf6 16. Nc3 d4 17. exd4 cxd4 18. Ne4 Be5 19. Rc1 Kg7 20. Nxf6 Bxf3
21. Qxf3 Qd6 22. Rc6 Qxf6 23. Rxf6 Bxf6 24. Rd1 Rac8 25. Qb7 d3 26. Qxa7 Rc2
27. Qe3 d2 28. a4 h6 29. Kf1 Rc3 30. Qb6 Rc1 31. Ke2 Re8+ 32. Kxd2 Bg5+ 33. Kd3
Rd8+ 34. Ke2 Rcxd1 35. a5 R1d2+ 36. Kf3 R8d3+ 37. Ke4 Rd6 38. Qc5 R6d4+ 39.
Qxd4+ Rxd4+ 40. Kxd4 Bd2 41. a6 Be1 42. f3 Kf6 43. Kd5 Bf2 44. b4 Ke7 45. Kc6
Kd8 46. Kb7 Kd7 47. b5 1-0

[Event "KP 2017-18, Hronov - Lazne Belohrad"]
[Site "?"]
[Date "2017.11.12"]
[Round "2.8"]
[White "Pochop, Karel st."]
[Black "Cibulka, Josef"]
[Result "1-0"]
[WhiteElo "1748"]
[BlackElo "1653"]
[PlyCount "75"]
[EventDate "2017.??.??"]

1. e4 c5 2. c3 Nc6 3. d4 d5 4. exd5 Qxd5 5. Nf3 Bg4 6. Be2 cxd4 7. cxd4 Rd8 8.
Nc3 Qa5 9. Be3 Nf6 10. Qb3 Qb4 11. Qxb4 Nxb4 12. Bb5+ Nd7 13. Ne5 Nc2+ 14. Kd2
Nxa1 15. Nxg4 Nb3+ 16. axb3 a6 17. Bd3 e6 18. Ne5 Bb4 19. Ke2 O-O 20. Be4 Nxe5
21. dxe5 Rd7 22. Rd1 Rc7 23. Bb6 Re7 24. Na2 f5 25. Nxb4 fxe4 26. Bc5 Rfe8 27.
Bxe7 Rxe7 28. Ke3 a5 29. Na2 Rc7 30. Nc3 Rc6 31. Rd8+ Kf7 32. Rd7+ Kg6 33. Rxb7
Rc5 34. Kxe4 h6 35. f4 Rc6 36. Ra7 Rb6 37. Rxa5 Rxb3 38. Rb5 1-0

[Event "KP 2017-18, Vrchlabi - Jaromer"]
[Site "?"]
[Date "2017.11.12"]
[Round "2.1"]
[White "Havlikova, Kristyna"]
[Black "Jecha, Vratislav"]
[Result "1/2-1/2"]
[WhiteElo "2282"]
[BlackElo "2061"]
[PlyCount "94"]
[EventDate "2017.??.??"]

1. e4 c5 2. Nf3 d6 3. d4 cxd4 4. Nxd4 Nf6 5. Nc3 a6 6. Be2 e6 7. f4 Nbd7 8. Bf3
Be7 9. a4 O-O 10. O-O Qc7 11. Be3 Nb6 12. Bf2 Bd7 13. Kh1 Nc4 14. b3 Na5 15.
Be1 Nc6 16. Nce2 Nxd4 17. Nxd4 Rac8 18. c4 Rcd8 19. Bb4 Rfe8 20. Qd2 Bf8 21.
Rfe1 e5 22. Ne2 b6 23. Nc3 Bc6 24. Ba3 Qb7 25. f5 a5 26. Qe3 Nd7 27. g4 Nc5 28.
Nd5 Bxd5 29. cxd5 Rc8 30. Be2 Rc7 31. Bb5 Rec8 32. Rac1 Be7 33. g5 f6 34. h4
Rf8 35. Rg1 g6 36. fxg6 fxg5 37. gxh7+ Kh8 38. Bxc5 bxc5 39. Rcf1 Qc8 40. Rxf8+
Qxf8 41. hxg5 Bxg5 42. Qg3 Rxh7+ 43. Kg2 Bf4 44. Qf3 Rg7+ 45. Kf1 Rxg1+ 46.
Kxg1 Bh2+ 47. Kg2 Qxf3+ 1/2-1/2

[Event "KP 2017-18, Vrchlabi - Jaromer"]
[Site "?"]
[Date "2017.11.12"]
[Round "2.5"]
[White "Kucera, Daniel"]
[Black "Kudr, Roman"]
[Result "1-0"]
[WhiteElo "1826"]
[BlackElo "1924"]
[PlyCount "137"]
[EventDate "2017.??.??"]

1. e4 d6 2. d4 Nf6 3. Bd3 e5 4. c3 Be7 5. Nf3 Nbd7 6. O-O O-O 7. Nbd2 c6 8. Nc4
Qc7 9. Re1 Re8 10. a4 a5 11. h3 b6 12. Qb3 h6 13. Bd2 Ba6 14. Bf1 Bf8 15. dxe5
dxe5 16. Rad1 b5 17. axb5 cxb5 18. Na3 Bxa3 19. bxa3 Nc5 20. Qb1 Qc6 21. c4
bxc4 22. Bxa5 Ncxe4 23. Bb4 c3 24. Qc2 Bxf1 25. Kxf1 Qa4 26. Rc1 Qxc2 27. Rxc2
Rac8 28. Rd1 Rcd8 29. Rxd8 Rxd8 30. Nxe5 Nd5 31. Nc6 Re8 32. Nd4 Nxb4 33. axb4
Rd8 34. Nb5 Rd2 35. Rxd2 cxd2 36. Ke2 Nxf2 37. Kxd2 Ne4+ 38. Ke3 Nf6 39. Kd4
Kf8 40. Nc7 Nd7 41. Kd5 Ke7 42. b5 Kd8 43. Kc6 Kc8 44. Ne8 Ne5+ 45. Kd5 Ng6 46.
g3 Ne7+ 47. Kc5 Nf5 48. g4 Ng3 49. Kc6 f5 50. Nd6+ Kb8 51. Nxf5 Ne4 52. Nxg7
Nf2 53. Nf5 Nxh3 54. Nxh6 Ng5 55. Nf5 Nf7 56. Ne3 Ne5+ 57. Kd5 Nf7 58. Ke6 Ng5+
59. Kf5 Nf3 60. Kf6 Kc7 61. Nd5+ Kd6 62. Nc3 Ne5 63. g5 Ng4+ 64. Kf7 Ne5+ 65.
Kg7 Nd7 66. g6 Ke6 67. Kh6 Ke7 68. Nd5+ Kd6 69. g7 1-0

[Event "KP 2017-18, Vrchlabi - Jaromer"]
[Site "?"]
[Date "2017.11.12"]
[Round "2.2"]
[White "Stanek, Petr"]
[Black "Tejkal, Lubomir"]
[Result "1/2-1/2"]
[WhiteElo "1906"]
[BlackElo "1999"]
[PlyCount "74"]
[EventDate "2017.??.??"]

1. e4 d5 2. exd5 Qxd5 3. Nc3 Qa5 4. Bc4 Nf6 5. Nge2 Bg4 6. h3 Bh5 7. g4 Bg6 8.
d3 Nc6 9. Bd2 Ne5 10. Ne4 Nf3+ 11. Kf1 Nxd2+ 12. Nxd2 e6 13. Bb3 h5 14. Nc4 Qg5
15. f4 Qd5 16. Ng3 Bc5 17. f5 h4 18. Nd2 Qc6 19. Qf3 exf5 20. Qxc6+ bxc6 21.
Nxf5 Bxf5 22. gxf5 Rh5 23. Re1+ Kf8 24. Ke2 Re8+ 25. Kd1 Rxe1+ 26. Rxe1 Rxf5
27. Ba4 Rf2 28. Re2 Nd5 29. Rxf2 Bxf2 30. Ke2 Bd4 31. Nc4 g5 32. Kf3 Nf6 33.
Bxc6 Ke7 34. c3 Bg1 35. Kg2 Bb6 36. Kf3 Bg1 37. Kg2 Bb6 1/2-1/2

[Event "KP 2017-18, Vrchlabi - Jaromer"]
[Site "?"]
[Date "2017.11.12"]
[Round "2.3"]
[White "Kalensky, Jakub"]
[Black "Prouza, Tomas"]
[Result "1/2-1/2"]
[WhiteElo "1862"]
[BlackElo "1951"]
[PlyCount "114"]
[EventDate "2017.??.??"]

1. e4 c6 2. Nf3 d5 3. exd5 cxd5 4. d4 Nf6 5. h3 a6 6. Bd3 Nc6 7. c3 g6 8. O-O
Bg7 9. Re1 O-O 10. Nbd2 b5 11. a3 Bb7 12. Nf1 Na5 13. Ng3 Nc4 14. Ne5 Rc8 15.
h4 Nxe5 16. dxe5 Ne4 17. Bxe4 dxe4 18. Bf4 Rc4 19. Qxd8 Rxd8 20. Rad1 Rd5 21.
Rxd5 Bxd5 22. Rd1 e6 23. Rd4 Rxd4 24. cxd4 f6 25. Ne2 f5 26. Nc1 Bf8 27. Bd2 h6
28. g3 Kh7 29. Ne2 Be7 30. Nf4 Bc4 31. Ng2 g5 32. hxg5 hxg5 33. Ne1 Bb3 34. f3
exf3 35. Nxf3 Kg6 36. Kf2 Bd5 37. Nh2 Bd8 38. Nf1 Bb6 39. Bc3 f4 40. g4 Kf7 41.
Nd2 Ke8 42. Nf3 Bd8 43. Bb4 Kd7 44. Bc5 Kc6 45. Nd2 a5 46. b4 a4 47. Ke2 Bg2
48. Kf2 Bd5 49. Ke2 Bc4+ 50. Kf2 Kd5 51. Kf3 Bd3 52. Kf2 Be4 53. Ke2 Bg2 54.
Kf2 Be4 55. Ke2 Bg6 56. Kf3 Bc7 57. Kf2 Bd8 1/2-1/2

[Event "KP 2017-18, Vrchlabi - Jaromer"]
[Site "?"]
[Date "2017.11.12"]
[Round "2.4"]
[White "Prouza, Pavel"]
[Black "Trojan, Ondrej"]
[Result "1/2-1/2"]
[WhiteElo "1957"]
[BlackElo "1843"]
[PlyCount "52"]
[EventDate "2017.??.??"]

1. Nf3 d5 2. b3 Nf6 3. c4 c6 4. g3 g6 5. Bg2 Bg7 6. Bb2 Bg4 7. h3 Bxf3 8. Bxf3
e6 9. O-O O-O 10. d4 Nbd7 11. Nc3 Re8 12. Bg2 Nb6 13. Qd3 Qc7 14. e4 dxe4 15.
Nxe4 Nxe4 16. Qxe4 Rad8 17. Rfe1 Re7 18. Rad1 Red7 19. Rd2 h6 20. Red1 Nc8 21.
Qc2 Ne7 22. Bc3 b5 23. a4 a6 24. axb5 axb5 25. Qa2 Qa7 26. Qb2 Rb8 1/2-1/2

[Event "KP 2017-18, Vrchlabi - Jaromer"]
[Site "?"]
[Date "2017.11.12"]
[Round "2.6"]
[White "Kunes, Jan"]
[Black "Blazek, Martin"]
[Result "1/2-1/2"]
[WhiteElo "1913"]
[BlackElo "1792"]
[PlyCount "87"]
[EventDate "2017.??.??"]

1. c4 e5 2. Nc3 Nc6 3. g3 f5 4. Bg2 Bb4 5. Nd5 Nf6 6. Nxb4 Nxb4 7. a3 Nc6 8. e3
d6 9. d3 O-O 10. Ne2 Qe8 11. Nc3 a6 12. O-O Bd7 13. b4 Rb8 14. b5 Ne7 15. a4 c6
16. Ba3 c5 17. d4 b6 18. bxa6 Bc6 19. dxe5 dxe5 20. f3 Qc8 21. a7 Rb7 22. Qb3
Nd7 23. Nd5 Bxd5 24. cxd5 Kh8 25. Bb2 Rxa7 26. Rfd1 Qe8 27. Qc3 Qf7 28. f4 Ng6
29. h4 e4 30. h5 Ne7 31. h6 Nf6 32. hxg7+ Kxg7 33. Qb3 Rd7 34. Qxb6 Rxd5 35. a5
Qh5 36. Rxd5 Nexd5 37. Qxc5 Qe2 38. Bd4 Kf7 39. a6 Rg8 40. Kh2 Ng4+ 41. Kh3
Nf2+ 42. Kh2 Ng4+ 43. Kh3 Nf2+ 44. Kh2 1/2-1/2

[Event "KP 2017-18, Vrchlabi - Jaromer"]
[Site "?"]
[Date "2017.11.12"]
[Round "2.7"]
[White "Kovar, Ladislav"]
[Black "Boruvka, Milan"]
[Result "0-1"]
[WhiteElo "1724"]
[BlackElo "1851"]
[PlyCount "56"]
[EventDate "2017.??.??"]

1. d4 d5 2. c4 e6 3. Nc3 Nf6 4. Qc2 Nbd7 5. Bg5 c6 6. e3 Qa5 7. Bd3 dxc4 8.
Bxc4 Qxg5 9. f4 Qa5 10. Nge2 Nb6 11. Bb3 Nbd5 12. e4 Ne3 13. Qd3 Nxg2+ 14. Kf2
Nh4 15. e5 Nd5 16. Rhf1 Be7 17. Kg1 Bd7 18. Ng3 Nxc3 19. bxc3 c5 20. d5 c4 21.
Bxc4 exd5 22. Bxd5 Qc5+ 23. Rf2 O-O 24. Ne4 Qb6 25. Rb1 Qg6+ 26. Kh1 Bf5 27.
Rxb7 Rad8 28. Rxe7 Bxe4+ 0-1

[Event "KP 2017-18, Vrchlabi - Jaromer"]
[Site "?"]
[Date "2017.11.12"]
[Round "2.8"]
[White "Ruzickova, Radka"]
[Black "Urvalek, Tomas"]
[Result "1/2-1/2"]
[WhiteElo "1889"]
[BlackElo "1704"]
[PlyCount "46"]
[EventDate "2017.??.??"]

1. e4 d5 2. exd5 Qxd5 3. Nc3 Qa5 4. Bb5+ c6 5. Be2 Nf6 6. Nf3 Bf5 7. O-O e6 8.
Nd4 Bg6 9. d3 Bd6 10. Bf3 O-O 11. g3 Nbd7 12. Nb3 Qc7 13. Bg2 Bh5 14. Qe1 Rfe8
15. Nd2 Bg6 16. Nc4 Nd5 17. Nxd6 Qxd6 18. Ne4 Bxe4 19. Qxe4 N7f6 20. Qe2 Rad8
21. Bd2 Nb4 22. Bc3 Nbd5 23. Be5 Qe7 1/2-1/2

[Event "KP 2017-18, Dvur Kralove - Slavia HK"]
[Site "?"]
[Date "2017.11.12"]
[Round "2.1"]
[White "Kraus, Tomas"]
[Black "Marek, Petr"]
[Result "1-0"]
[WhiteElo "2427"]
[BlackElo "1955"]
[PlyCount "113"]
[EventDate "2017.??.??"]

1. c4 c5 2. Nf3 Nc6 3. d4 cxd4 4. Nxd4 g6 5. e4 Bg7 6. Be3 Nf6 7. Nc3 d6 8. Be2
Bd7 9. Nc2 O-O 10. O-O a6 11. Qd2 Qc7 12. Rac1 Rac8 13. f3 h5 14. Rfd1 Nd8 15.
Nb4 Bc6 16. Ncd5 Bxd5 17. cxd5 Qb8 18. Rxc8 Qxc8 19. Rc1 Qb8 20. Qc2 e6 21. Qb3
Nd7 22. Qa3 Re8 23. Qa4 Nf6 24. Bb6 exd5 25. Nxd5 Ne6 26. Nxf6+ Bxf6 27. b3 Rc8
28. Rc4 Nc5 29. Qa3 Rc6 30. Ba5 b5 31. Rc1 Qc8 32. Bd2 Bd4+ 33. Kf1 Ne6 34.
Rxc6 Qxc6 35. Qc1 Qb6 36. g3 Bg1 37. Be1 Be3 38. Qc8+ Kg7 39. a4 bxa4 40. bxa4
a5 41. Qc3+ Bd4 42. Qxa5 Kf6 43. Qxb6 Bxb6 44. a5 Ba7 45. Bc4 Nc5 46. Ke2 Ke7
47. Bd5 f6 48. Kd2 g5 49. h3 Na6 50. Kc3 Nc7 51. Kc4 Be3 52. Bb7 Kd7 53. Bc3
Bf2 54. Bxf6 g4 55. hxg4 hxg4 56. fxg4 Bxg3 57. Bd4 1-0

[Event "KP 2017-18, Dvur Kralove - Slavia HK"]
[Site "?"]
[Date "2017.11.12"]
[Round "2.1"]
[White "Pribik, Petr"]
[Black "Machan, Jan"]
[Result "0-1"]
[WhiteElo "1930"]
[BlackElo "2294"]
[PlyCount "108"]
[EventDate "2017.??.??"]

1. e4 d6 2. d4 Nf6 3. Nc3 Nbd7 4. Nf3 e5 5. dxe5 dxe5 6. Bc4 Bc5 7. Bg5 c6 8.
O-O b5 9. Bb3 a5 10. a3 O-O 11. Qd2 Qc7 12. Rfe1 Ba6 13. Rad1 b4 14. Na4 Be7
15. axb4 axb4 16. Qe3 Bb5 17. Bxf6 Nxf6 18. Nb6 Rab8 19. Nc4 Ng4 20. Qc1 Bc5
21. Ne3 Bxe3 22. fxe3 Nf6 23. c4 Ba6 24. Qc2 c5 25. Qb1 Bb7 26. Nd2 Rbd8 27.
Bc2 Rd7 28. b3 Rfd8 29. Nf3 h6 30. Rxd7 Rxd7 31. h3 Ne8 32. Rd1 Rxd1+ 33. Qxd1
Nd6 34. Nd2 Qd8 35. Nf3 Qf6 36. Nd2 Qh4 37. Nf3 Qf6 38. Nd2 Qg5 39. Qe2 Qg3 40.
Qf2 Qg6 41. Qf3 Qg5 42. Qf2 Qd8 43. Qf1 Kf8 44. Qf2 Qa8 45. Qh4 Qa1+ 46. Kh2 f6
47. Qf2 Qc1 48. Bb1 Qd1 49. Bd3 Bc6 50. Bb1 Nb7 51. Qf5 Qxd2 52. Qc8+ Nd8 53.
Bc2 Ke8 54. Bb1 Qd1 0-1

[Event "KP 2017-18, Dvur Kralove - Slavia HK"]
[Site "?"]
[Date "2017.11.12"]
[Round "2.3"]
[White "Smid, Jaroslav"]
[Black "Picek, Ivan"]
[Result "0-1"]
[WhiteElo "1958"]
[BlackElo "1759"]
[PlyCount "86"]
[EventDate "2017.??.??"]

1. e4 c5 2. b4 cxb4 3. a3 bxa3 4. Bxa3 d6 5. d4 Nf6 6. Nd2 g6 7. f4 Bg7 8. Ngf3
O-O 9. Bd3 Nc6 10. Nb3 Re8 11. d5 Nb8 12. c4 Nh5 13. g3 Bc3+ 14. Nbd2 Bxa1 15.
Qxa1 Nd7 16. O-O Qb6+ 17. Nd4 Nc5 18. Bc2 a6 19. Kg2 Qc7 20. f5 e5 21. dxe6
fxe6 22. g4 Nf6 23. fxg6 Rf8 24. g5 Ng4 25. Rxf8+ Kxf8 26. Nf5 Ne5 27. gxh7
Qxh7 28. Nxd6 Ned7 29. Bxc5 Nxc5 30. Qf6+ Kg8 31. Qd8+ Kg7 32. Ne8+ Kf7 33. Nf3
Nd7 34. Nd6+ Kg7 35. Qe7+ Kh8 36. Nf7+ Kg8 37. Nh6+ Kh8 38. Qxe6 Qg7 39. Nf7+
Kg8 40. N7e5+ Kh8 41. Ng6+ Kh7 42. e5 Nc5 43. Qe8 Bh3+ 0-1

[Event "KP 2017-18, Dvur Kralove - Slavia HK"]
[Site "?"]
[Date "2017.11.12"]
[Round "2.4"]
[White "Steiner, Pavel"]
[Black "Spacek, Libor"]
[Result "0-1"]
[WhiteElo "1729"]
[BlackElo "2092"]
[PlyCount "90"]
[EventDate "2017.??.??"]

1. d4 Nf6 2. Nf3 g6 3. Bf4 c5 4. e3 Qb6 5. b3 d6 6. Be2 Bg7 7. h3 Nc6 8. O-O
Nd5 9. Bg3 cxd4 10. e4 Nc7 11. Bd3 O-O 12. Nbd2 Ne5 13. Nxe5 dxe5 14. Nc4 Qe6
15. a4 Na6 16. f4 exf4 17. Bxf4 Nc5 18. e5 Qd5 19. Be2 Bf5 20. Ne3 Qe4 21. Nxf5
Qxf5 22. Bg4 Qe4 23. Bg3 Qe3+ 24. Kh2 Bxe5 25. Bf3 Bxg3+ 26. Kxg3 Ne4+ 27. Kh2
Nd2 28. Re1 Qf4+ 29. Kg1 Nxf3+ 30. Qxf3 Qxf3 31. gxf3 e6 32. Rad1 Rfd8 33. Kf2
Rac8 34. Rd2 Rd5 35. Re4 Kf8 36. Ke2 Ke7 37. Kd1 Rcd8 38. Rd3 e5 39. f4 f5 40.
Rxe5+ Rxe5 41. fxe5 Ke6 42. Ke2 Kxe5 43. h4 Rc8 44. Kd2 Ke4 45. h5 Rc3 0-1

[Event "KP 2017-18, Dvur Kralove - Slavia HK"]
[Site "?"]
[Date "2017.11.12"]
[Round "2.5"]
[White "Nejedlo, Josef"]
[Black "Rozkovec, Ludvik"]
[Result "1-0"]
[WhiteElo "1881"]
[BlackElo "1754"]
[PlyCount "91"]
[EventDate "2017.??.??"]

1. c4 c5 2. Nc3 Nc6 3. g3 g6 4. Bg2 Bg7 5. Nf3 Nf6 6. O-O O-O 7. d4 cxd4 8.
Nxd4 Qb6 9. Nc2 d6 10. b3 Bd7 11. Bb2 Rfe8 12. Na4 Qa5 13. h3 Rad8 14. e3 Bf5
15. Nd4 Nxd4 16. Bxd4 Be4 17. f3 Bc6 18. Bc3 Qg5 19. Qe1 Nd7 20. Bxg7 Kxg7 21.
Nc3 Nf6 22. e4 Nh5 23. Kh2 e6 24. Rd1 Qa5 25. f4 f5 26. e5 Bxg2 27. Kxg2 dxe5
28. Qxe5+ Qxe5 29. fxe5 Kf8 30. Nb5 Rxd1 31. Rxd1 Ke7 32. Rd2 a6 33. Nd6 Rb8
34. c5 Ng7 35. b4 Ne8 36. a4 Nc7 37. b5 axb5 38. axb5 Ra8 39. b6 Nd5 40. Nxb7
Rc8 41. Nd6 Rb8 42. Rxd5 exd5 43. c6 Rxb6 44. Nc8+ Kd8 45. Nxb6 Kc7 46. e6 1-0

[Event "KP 2017-18, Dvur Kralove - Slavia HK"]
[Site "?"]
[Date "2017.11.12"]
[Round "2.6"]
[White "Valik, Ondrej"]
[Black "Fuchs, Frantisek"]
[Result "0-1"]
[WhiteElo "1542"]
[BlackElo "1870"]
[PlyCount "68"]
[EventDate "2017.??.??"]

1. c4 Nf6 2. Nf3 b6 3. g3 Bb7 4. Bg2 e5 5. d3 Bc5 6. O-O Qe7 7. Nc3 O-O 8. a3
a5 9. e3 d5 10. cxd5 Nxd5 11. e4 Nf6 12. Qc2 Rd8 13. Bg5 h6 14. Be3 Nc6 15. Na4
Nd4 16. Nxd4 Bxd4 17. Rac1 Ba6 18. Rfd1 Rac8 19. Bxd4 Rxd4 20. Nc3 c6 21. Ne2
Rd6 22. Rd2 Rcd8 23. Rcd1 Qd7 24. Nc1 c5 25. f4 Qe6 26. h3 Nh5 27. f5 Qd7 28.
Kh2 c4 29. Qc3 Rd4 30. Bf3 Nf6 31. Ne2 Rxd3 32. Rxd3 cxd3 33. Qxe5 Re8 34. Qf4
dxe2 0-1

[Event "KP 2017-18, Jaromer - Horice"]
[Site "?"]
[Date "2017.11.26"]
[Round "3.1"]
[White "Jecha, Vratislav"]
[Black "Sucharda, David"]
[Result "1/2-1/2"]
[WhiteElo "2061"]
[BlackElo "2093"]
[PlyCount "42"]
[EventDate "2017.??.??"]

1. e4 e6 2. d4 d5 3. Nd2 Be7 4. e5 c5 5. c3 Nc6 6. Ndf3 Qb6 7. Bd3 Nh6 8. Ne2
Bd7 9. O-O cxd4 10. cxd4 Nf5 11. Bxf5 exf5 12. Bg5 O-O 13. Bxe7 Nxe7 14. Qd2
Bb5 15. Rfc1 Bxe2 16. Qxe2 Rac8 17. Qd2 a5 18. b3 h6 19. h4 Qb5 20. Rab1 b6 21.
Qe3 Qd7 1/2-1/2

[Event "KP 2017-18, Jaromer - Horice"]
[Site "?"]
[Date "2017.11.26"]
[Round "3.2"]
[White "Flasar, Jaroslav"]
[Black "Prouza, Tomas"]
[Result "1-0"]
[WhiteElo "2066"]
[BlackElo "1951"]
[PlyCount "47"]
[EventDate "2017.??.??"]

1. e4 e5 2. Nf3 Nc6 3. d4 exd4 4. Bc4 Bb4+ 5. c3 dxc3 6. bxc3 Bd6 7. O-O h6 8.
e5 Bf8 9. Qd5 Qe7 10. Ba3 Qe6 11. Qb5 Qg6 12. Nh4 Qe4 13. Qa4 f5 14. Bxf8 Nxe5
15. Bxg7 Nxc4 16. Bxh8 b5 17. Qd1 Ne7 18. Re1 Qxh4 19. Qd5 Qg5 20. Qxa8 Kf7 21.
Qf3 f4 22. h4 Qf5 23. g4 fxg3 24. Rxe7+ 1-0

[Event "KP 2017-18, Jaromer - Horice"]
[Site "?"]
[Date "2017.11.26"]
[Round "3.3"]
[White "Prouza, Pavel"]
[Black "Matonoha, Ctirad"]
[Result "1-0"]
[WhiteElo "1957"]
[BlackElo "2043"]
[PlyCount "53"]
[EventDate "2017.??.??"]

1. Nf3 Nf6 2. c4 c5 3. g3 Nc6 4. Bg2 d5 5. cxd5 Nxd5 6. Nc3 e5 7. Nxe5 Nxc3 8.
Nxc6 Nxd1 9. Nxd8 Nxf2 10. Nxf7 Nxh1 11. Nxh8 Nxg3 12. hxg3 Bd6 13. Kf2 Ke7 14.
Be4 Bg4 15. Bxb7 Rxh8 16. d3 Be5 17. Rb1 Be6 18. b3 Bd4+ 19. Kg2 Rf8 20. e3 Bf6
21. Ba3 Kd6 22. d4 Kc7 23. Bxc5 Re8 24. Bf3 Bf5 25. Re1 g5 26. g4 Bg6 27. e4
1-0

[Event "KP 2017-18, Jaromer - Horice"]
[Site "?"]
[Date "2017.11.26"]
[Round "3.4"]
[White "Rusnak, Jan"]
[Black "Kudr, Roman"]
[Result "1/2-1/2"]
[WhiteElo "1975"]
[BlackElo "1924"]
[PlyCount "41"]
[EventDate "2017.??.??"]

1. e4 d6 2. c3 Nf6 3. Nf3 Nbd7 4. d3 e5 5. h3 Be7 6. g4 h6 7. Be3 c6 8. Nbd2 g5
9. d4 Qc7 10. Qb3 Nb6 11. dxe5 dxe5 12. Bxb6 axb6 13. O-O-O b5 14. a3 Be6 15.
Qc2 O-O 16. Nb1 Nd7 17. Be2 Nc5 18. Nbd2 f6 19. Rdg1 Qa5 20. h4 Qa4 21. Qxa4
1/2-1/2

[Event "KP 2017-18, Jaromer - Horice"]
[Site "?"]
[Date "2017.11.26"]
[Round "3.5"]
[White "Martinovsky, Miroslav"]
[Black "Stefan, Jaroslav"]
[Result "1/2-1/2"]
[WhiteElo "1763"]
[BlackElo "1916"]
[PlyCount "75"]
[EventDate "2017.??.??"]

1. d4 d5 2. Nf3 Nf6 3. c4 c6 4. cxd5 cxd5 5. Nc3 Nc6 6. Qb3 e6 7. Bg5 Be7 8. e3
O-O 9. Bd3 a6 10. Rc1 Na5 11. Qc2 h6 12. Bh4 b5 13. O-O Bd7 14. Ne5 Rc8 15.
Nxd7 Qxd7 16. Qb1 Rc7 17. Ne2 Rfc8 18. Rxc7 Rxc7 19. Rc1 Qc8 20. Rxc7 Qxc7 21.
Qc2 Qxc2 22. Bxc2 Kf8 23. Kf1 Ke8 24. Ke1 Nc4 25. Bxf6 Bxf6 26. b3 Nd6 27. Bd3
Kd7 28. Kd2 Be7 29. Kc2 Kc6 30. Kb2 f6 31. Nf4 Kd7 32. a4 g5 33. Ne2 e5 34. Nc3
e4 35. Be2 Kc6 36. axb5+ axb5 37. Kc2 f5 38. g3 1/2-1/2